000 00690nam a2200241 i 4500
003 DO-SdBNP
005 20250630094058.0
008 250630s1998 000 spa d
020 _a8482610821
040 _aDO-SdBNP
_bspa
_cBNPHU
_erda
041 _hsp
082 _axxx
_bC569
_222
245 0 _aCiencias de la naturaleza 2
264 _aSanto Domingo :
_bSantillana Básica,
_c1998
300 _a103 páginas :
_bilustraciones ;
_c28 cm
336 _ardacontent
_btexto
_2txt
337 _ardamedia
_bsin mediación
_2n
338 _ardacarrier
_bvolumen
_2nc
500 _aCiencias de la naturaleza, Albúm
590 _aInventariado, 2025/DG
910 _aDG
942 _2ddc
_cLBS1
999 _c59397
_d59397